Historia del Régimen Municipal de Costa Rica en el siglo XIX (Registro nro. 6339)

Detalles MARC
000 -Cabecera
Campo de control de longitud fija 00597ata a2200217 4500
005 - Fecha y hora de la última transacción
Campo de control 20250611152607.0
008 - Elementos de longitud fija--Información general
Campo de control de longitud fija 150703b1974 xxu||||| |||| 00| 0 spa d
041 ## - Idioma
Código de idioma Español
082 ## - Clasificación Decimal Dewey
Número de clasificación 352.072.86 G643h
100 ## - Entrada principal--Autor personal
Nombre personal González Víquez, Cleto
9 (RLIN) 37173
245 ## - Título propiamente dicho
Título Historia del Régimen Municipal de Costa Rica en el siglo XIX
260 ## - Pie de imprenta
Lugar de publicación, distribución, etc. Costa Rica
260 ## - Pie de imprenta
Nombre del editor, distribuidor, etc. Instituto de Fomento y Asesoría Municipal
260 ## - Pie de imprenta
Fecha de publicación, distribución, etc. 1974
300 ## - Descripción física
Extensión 90 páginas
490 ## - Serie
Título de la Serie Temática general
650 ## - Materia general
Temática (materia general) COSTA RICA
650 ## - Materia general
Temática (materia general) RÉGIMEN MUNICIPAL
650 ## - Materia general
Temática (materia general) DEMOCRÁCIA
942 ## - Punto de acceso adicional KOHA
Tipo de ítem KOHA Libro
Fuente del sistema de clasificación o colocación Dewey Decimal Classification
Existencias
Signatura completa Código de barras Programa Académico Tipo de ítem
352.072.86 G643h 3220 Temática General Libro